MARC details
| 000 -LEADER |
| fixed length control field |
03639cgm a2200745Ia 4500 |
| 001 - CONTROL NUMBER |
| control field |
ocm74671226 |
| 003 - CONTROL NUMBER IDENTIFIER |
| control field |
OCoLC |
| 005 - DATE AND TIME OF LATEST TRANSACTION |
| control field |
20241220115932.0 |
| 007 - PHYSICAL DESCRIPTION FIXED FIELD--GENERAL INFORMATION |
| fixed length control field |
vd cvaizq |
| 008 - FIXED-LENGTH DATA ELEMENTS--GENERAL INFORMATION |
| fixed length control field |
061030p20061999cau128 d vleng d |
| 024 1# - OTHER STANDARD IDENTIFIER |
| Standard number or code |
027616060006 |
| Terms of availability |
set |
| 028 42 - PUBLISHER NUMBER |
| Publisher number |
106000 |
| Source |
Metro Goldwyn Mayer Home Entertainment |
| 035 ## - SYSTEM CONTROL NUMBER |
| System control number |
(Sirsi) o74671226 |
| 035 ## - SYSTEM CONTROL NUMBER |
| System control number |
(OCoLC)74671226 |
| Canceled/invalid control number |
(OCoLC)75960135 |
| -- |
(OCoLC)76893263 |
| 037 ## - SOURCE OF ACQUISITION |
| Source of stock number/acquisition |
Midwest Tape |
| Note |
http://www.midwesttapes.com |
| 040 ## - CATALOGING SOURCE |
| Original cataloging agency |
TEFMT |
| Transcribing agency |
TEFMT |
| Modifying agency |
RLS |
| -- |
RCS |
| -- |
FFL |
| -- |
TXW |
| -- |
UINTA |
| Description conventions |
rda |
| 041 1# - LANGUAGE CODE |
| Language code of text/sound track or separate title |
eng |
| -- |
fre |
| Language code of summary or abstract/overprinted title or subtitle |
eng |
| -- |
fre |
| -- |
spa |
| -- |
chi |
| -- |
kor |
| -- |
tha |
| Language code of original and/or intermediate translations of text |
eng |
| 049 ## - LOCAL HOLDINGS (OCLC) |
| Holding library |
UCLB |
| 050 14 - LIBRARY OF CONGRESS CALL NUMBER |
| Classification number |
PN1997 |
| Item number |
.W6753 2006 |
| 082 04 - DEWEY DECIMAL CLASSIFICATION NUMBER |
| Classification number |
791.43/72 |
| Edition number |
22 |
| 092 ## - LOCALLY ASSIGNED DEWEY CALL NUMBER (OCLC) |
| Classification number |
791.437 |
| 245 00 - TITLE STATEMENT |
| Title |
James Bond : The World Is Not Enough |
| Medium |
[videorecording] / |
| Statement of responsibility, etc |
Albert R. Broccoli's Eon Productions Limited ; produced by Michael G. Wilson and Barbara Broccoli ; directed by Michael Apted. |
| 246 1# - VARYING FORM OF TITLE |
| Display text |
Title on set container: |
| Title proper/short title |
James Bond, 007. |
| Number of part/section of a work |
Volume 1 |
| 250 ## - EDITION STATEMENT |
| Edition statement |
Ultimate ed. |
| 260 ## - PUBLICATION, DISTRIBUTION, ETC. (IMPRINT) |
| Place of publication, distribution, etc |
Beverly Hills, CA : |
| Name of publisher, distributor, etc |
Metro Goldwyn Mayer Home Entertainment : |
| -- |
20th Century Fox Home Entertainment, |
| Date of publication, distribution, etc |
c2006, p1999. |
| 264 ## - Production, Publication, Distribution, Manufacture, and Copyright Notice. |
| Place of production, publication, distribution, manufacture |
Beverly Hills, CA : |
| Name of producer, publisher, distributor, manufacturer |
Metro Goldwyn Mayer Home Entertainment : |
| -- |
20th Century Fox Home Entertainment, |
| Date of production, publication, distribution, manufacture, or copyr |
c2006, p1999. |
| 300 ## - PHYSICAL DESCRIPTION |
| Extent |
1 videodisc (128 min.) : |
| Other physical details |
sd., col. ; |
| Dimensions |
4 3/4 in. |
| 336 ## - Content Type |
| Content type term |
two-dimensional moving image |
| 337 ## - Media type |
| Media type term |
video |
| 338 ## - Carrier type |
| Carrier type term |
videodisc |
| 500 ## - GENERAL NOTE |
| General note |
Based on the novel by Ian Fleming. |
| 500 ## - GENERAL NOTE |
| General note |
Originally released as a motion picture in 1999. |
| 500 ## - GENERAL NOTE |
| General note |
Special features: Declassified: M16 vault; 007 mission control; Mission dossier; ministry of propaganda. |
| 508 ## - CREATION/PRODUCTION CREDITS NOTE |
| Creation/production credits note |
Director of photography, Adrian Biddle; editor, Jim Clark; music, David Arnold ; screenplay by Neal Purvis & Robert Wade and Bruce Feirstein. |
| 511 0# - PARTICIPANT OR PERFORMER NOTE |
| Participant or performer note |
Pierce Brosnan, Sophie Marceau, Robert Carlyle, Denise Richards, Robbie Coltrane, Judi Dench. |
| 520 ## - SUMMARY, ETC. |
| Summary, etc |
Pierce Brosnan returns as Bond, charged to protect a gorgeous billionaire heiress from the ruthless hands of a nuclear-obsessed terrorist who wants control of the world's petroleum supply. |
| 521 8# - TARGET AUDIENCE NOTE |
| Target audience note |
MPAA rating: PG-13. |
| 538 ## - SYSTEM DETAILS NOTE |
| System details note |
DVD, region 1, anamorphic widescreen (2.35:1) presentation; DTS surround, 5.1 Dolby surround, dual layer, NTSC. |
| 546 ## - LANGUAGE NOTE |
| Language note |
English or French dialogue ; subtitles in English, French, Spanish, Mandarin Chinese, Korean, Thai ; closed-captioned. |
| 650 #0 - SUBJECT ADDED ENTRY--TOPICAL TERM |
| Topical term or geographic name as entry element |
Bond, James (Fictitious character) |
| Form subdivision |
Drama. |
| 9 (RLIN) |
5726912 |
| 650 #0 - SUBJECT ADDED ENTRY--TOPICAL TERM |
| Topical term or geographic name as entry element |
Spies |
| Form subdivision |
Drama. |
| 9 (RLIN) |
5709316 |
| 650 #0 - SUBJECT ADDED ENTRY--TOPICAL TERM |
| Topical term or geographic name as entry element |
Espionage |
| Form subdivision |
Drama. |
| 9 (RLIN) |
5709317 |
| 650 #4 - SUBJECT ADDED ENTRY--TOPICAL TERM |
| Topical term or geographic name as entry element |
Bond, James (Fictitious character) |
| Form subdivision |
Drama. |
| 9 (RLIN) |
5726912 |
| 650 #4 - SUBJECT ADDED ENTRY--TOPICAL TERM |
| Topical term or geographic name as entry element |
Spies |
| Form subdivision |
Drama. |
| 9 (RLIN) |
5709316 |
| 650 #4 - SUBJECT ADDED ENTRY--TOPICAL TERM |
| Topical term or geographic name as entry element |
Espionage |
| Form subdivision |
Drama. |
| 9 (RLIN) |
5709317 |
| 650 #4 - SUBJECT ADDED ENTRY--TOPICAL TERM |
| Topical term or geographic name as entry element |
DVDs. |
| 9 (RLIN) |
6167045 |
| 655 #0 - INDEX TERM--GENRE/FORM |
| Genre/form data or focus term |
Feature films. |
| 9 (RLIN) |
6167040 |
| 655 #0 - INDEX TERM--GENRE/FORM |
| Genre/form data or focus term |
Spy films. |
| 9 (RLIN) |
6167041 |
| 655 #0 - INDEX TERM--GENRE/FORM |
| Genre/form data or focus term |
Video recordings for the hearing impaired. |
| 9 (RLIN) |
6167042 |
| 655 #7 - INDEX TERM--GENRE/FORM |
| Genre/form data or focus term |
Espionage |
| Form subdivision |
Feature. |
| Source of term |
local |
| 9 (RLIN) |
6358758 |
| 655 #7 - INDEX TERM--GENRE/FORM |
| Genre/form data or focus term |
Adaptation |
| Form subdivision |
Feature. |
| Source of term |
local |
| 9 (RLIN) |
6358759 |
| 700 1# - ADDED ENTRY--PERSONAL NAME |
| Personal name |
Wilson, Michael G., |
| Dates associated with a name |
1942- |
| 9 (RLIN) |
39495 |
| 700 1# - ADDED ENTRY--PERSONAL NAME |
| Personal name |
Broccoli, Barbara, |
| Dates associated with a name |
1960- |
| 9 (RLIN) |
68877 |
| 700 1# - ADDED ENTRY--PERSONAL NAME |
| Personal name |
Apted, Michael. |
| 9 (RLIN) |
38675 |
| 700 1# - ADDED ENTRY--PERSONAL NAME |
| Personal name |
Brosnan, Pierce. |
| 9 (RLIN) |
45531 |
| 700 1# - ADDED ENTRY--PERSONAL NAME |
| Personal name |
Marceau, Sophie, |
| Dates associated with a name |
1966- |
| 9 (RLIN) |
63376 |
| 700 1# - ADDED ENTRY--PERSONAL NAME |
| Personal name |
Carlyle, Robert, |
| Dates associated with a name |
1961- |
| 9 (RLIN) |
64633 |
| 700 1# - ADDED ENTRY--PERSONAL NAME |
| Personal name |
Richards, Denise, |
| Dates associated with a name |
1972- |
| 9 (RLIN) |
64748 |
| 700 1# - ADDED ENTRY--PERSONAL NAME |
| Personal name |
Coltrane, Robbie. |
| 9 (RLIN) |
61455 |
| 700 1# - ADDED ENTRY--PERSONAL NAME |
| Personal name |
Dench, Judi, |
| Dates associated with a name |
1934- |
| 9 (RLIN) |
29157 |
| 710 2# - ADDED ENTRY--CORPORATE NAME |
| Corporate name or jurisdiction name as entry element |
Eon Productions, Ltd. |
| 9 (RLIN) |
6167046 |
| 710 2# - ADDED ENTRY--CORPORATE NAME |
| Corporate name or jurisdiction name as entry element |
MGM Home Entertainment Inc. |
| 9 (RLIN) |
64163 |
| 710 2# - ADDED ENTRY--CORPORATE NAME |
| Corporate name or jurisdiction name as entry element |
Twentieth Century Fox Home Entertainment, Inc. |
| 9 (RLIN) |
61951 |
| 942 ## - ADDED ENTRY ELEMENTS (KOHA) |
| Koha item type |
DVD |
| Source of classification or shelving scheme |
Dewey Decimal Classification |